[Event "2nd International Chess Festiv"]
[Site "Paracin"]
[Date "2009.08.20"]
[Round "2.30"]
[White "Grkovic, Milan"]
[Black "Stojkovska, Monika"]
[Result "1-0"]
[WhiteElo "2137"]
[BlackElo "1889"]
[PlyCount "93"]
[EventDate "2009.08.19"]

1. d4 Nf6 2. c4 e6 3. Nf3 b6 4. Nc3 Bb4 5. Qc2 Bb7 6. a3 Bxc3+ 7. Qxc3 Ne4 8.
Qc2 d6 9. g3 f5 10. Bg2 Nf6 11. O-O O-O 12. b3 Nbd7 13. Bb2 Qe8 14. Rfe1 Qh5
15. Rad1 f4 16. h3 e5 17. dxe5 dxe5 18. g4 Qe8 19. e4 h6 20. b4 a5 21. c5 bxc5
22. bxc5 Bc6 23. Bf1 Qe7 24. Qc4+ Kh7 25. Rc1 Rfe8 26. Ba1 Rab8 27. Qa6 Bxe4
28. Rxe4 Nxe4 29. Bd3 Kh8 30. Bxe4 Nxc5 31. Qe2 Nb3 32. Rd1 Nxa1 33. Rxa1 Rb3
34. Qc4 Reb8 35. Qd5 R3b5 36. Qc4 Rb3 37. Bc2 Rxf3 38. Qe4 g5 39. Qxf3 Rb2 40.
Qe4 Rb8 41. Rd1 Re8 42. Qf5 Rf8 43. Qg6 Qg7 44. Qe4 Re8 45. Rd5 c6 46. Rd6 Rc8
47. Re6 1-0

[Event "2nd International Chess Festiv"]
[Site "Paracin"]
[Date "2009.08.20"]
[Round "2.31"]
[White "Milosavljevic, Marija"]
[Black "Nesic, Nebojsa"]
[Result "0-1"]
[WhiteElo "1848"]
[BlackElo "2127"]
[PlyCount "68"]
[EventDate "2009.08.19"]

1. Nc3 d5 2. e4 dxe4 3. Nxe4 Bf5 4. Ng3 Bg6 5. Nf3 Nd7 6. d4 e6 7. Bd3 Ngf6 8.
O-O c5 9. Re1 Qc7 10. d5 e5 11. Bxg6 hxg6 12. Nxe5 Nxe5 13. f4 O-O-O 14. fxe5
Nxd5 15. Qg4+ Kb8 16. a3 c4 17. Bf4 Bc5+ 18. Kf1 Nxf4 19. Qxf4 Rxh2 20. Rad1
Rxd1 21. Rxd1 Bb6 22. Rd5 f6 23. Qe4 a6 24. Ke2 fxe5 25. Nf1 Rh5 26. Qxg6 Rh8
27. Qe6 c3 28. b3 Bd4 29. Rd7 Qc8 30. Qd6+ Ka7 31. Rc7 Qg4+ 32. Kd3 Qd1+ 33.
Ke4 Rh4+ 34. Kd5 Bb6+ 0-1

[Event "2nd International Chess Festiv"]
[Site "Paracin"]
[Date "2009.08.20"]
[Round "2.32"]
[White "Radosavljevic, Nebojsa"]
[Black "Bozilov, Dragan"]
[Result "0-1"]
[WhiteElo "2124"]
[BlackElo "1830"]
[PlyCount "56"]
[EventDate "2009.08.19"]

1. e4 c5 2. Nf3 e6 3. d4 cxd4 4. Nxd4 Nc6 5. Nc3 Qc7 6. g3 a6 7. Bg2 Bb4 8. O-O
Nge7 9. Nde2 O-O 10. Bf4 Ne5 11. a3 Bc5 12. h3 N7g6 13. Bc1 b5 14. Kh2 Nh4 15.
f4 Nxg2 16. Kxg2 Nc4 17. Qd3 Bb7 18. b3 Nb6 19. Kh2 f5 20. b4 fxe4 21. Nxe4 Be7
22. Be3 Nc4 23. Bd4 Bxe4 24. Qxe4 Nd2 25. Qd3 Nxf1+ 26. Rxf1 Rac8 27. c3 Bd6
28. Rd1 e5 0-1

[Event "2nd International Chess Festiv"]
[Site "Paracin"]
[Date "2009.08.20"]
[Round "2.33"]
[White "Markovic, Predrag M"]
[Black "Arandjelovic, Aleksandar Z"]
[Result "0-1"]
[WhiteElo "1773"]
[BlackElo "2113"]
[PlyCount "114"]
[EventDate "2009.08.19"]

1. e4 c5 2. Nf3 Nc6 3. Bb5 d6 4. O-O Bd7 5. Re1 e5 6. c3 a6 7. Bxc6 Bxc6 8. d4
Qc7 9. dxc5 dxc5 10. Qc2 c4 11. a4 b6 12. Nbd2 Bb7 13. a5 b5 14. Nf1 Nf6 15.
Ng3 Bc5 16. Be3 Rd8 17. Bxc5 Qxc5 18. Rad1 O-O 19. Rxd8 Rxd8 20. Rd1 Re8 21.
Qd2 Nxe4 22. Nxe4 Bxe4 23. Qd6 Qxd6 24. Rxd6 Bxf3 25. gxf3 Ra8 26. Kf1 Kf8 27.
Ke2 Ke7 28. Rb6 Ra7 29. h4 h5 30. f4 exf4 31. Kf3 Rd7 32. Rxa6 Rd2 33. Ra7+ Ke6
34. a6 Rxb2 35. Rb7 Rb3 36. a7 Rxc3+ 37. Kxf4 Ra3 38. Ke4 c3 39. Kd3 g6 40.
Rb6+ Kd5 41. Rxb5+ Kc6 42. a8=Q+ Rxa8 43. Rb3 Ra4 44. Rxc3+ Kd5 45. Rc7 Ke6 46.
Rc6+ Kf5 47. Rc5+ Kg4 48. Rg5+ Kxh4 49. Rg1 Kh3 50. f3 h4 51. Ke3 Ra2 52. Kf4
Kh2 53. Rg5 h3 54. Re5 Kg2 55. Re7 h2 56. Re8 h1=Q 57. Re7 Qh4+ 0-1

[Event "2nd International Chess Festiv"]
[Site "Paracin"]
[Date "2009.08.20"]
[Round "2.34"]
[White "Bulatovic, Nikola"]
[Black "Kasparova, Yeva"]
[Result "1-0"]
[WhiteElo "2111"]
[BlackElo "1778"]
[PlyCount "63"]
[EventDate "2009.08.19"]

1. e4 d6 2. d4 Nf6 3. Nc3 e5 4. Nf3 Nbd7 5. Bc4 Be7 6. O-O O-O 7. a4 c6 8. Re1
b6 9. d5 Bb7 10. b3 a6 11. dxc6 Bxc6 12. Ba3 Qb8 13. Qd3 b5 14. axb5 axb5 15.
Bxb5 Rc8 16. Nd2 Nb6 17. Bb2 Nfd7 18. Rxa8 Bxa8 19. Nc4 Nc5 20. Qe3 Nxc4 21.
Bxc4 Nxe4 22. Nxe4 d5 23. Bxd5 Bxd5 24. Nc3 Be6 25. Qxe5 Bd6 26. Qe3 Bxh2+ 27.
Kh1 Bf4 28. Qd4 Bh6 29. Rd1 f6 30. Nd5 Bxd5 31. Qxd5+ Kf8 32. Ba3+ 1-0

[Event "2nd International Chess Festiv"]
[Site "Paracin"]
[Date "2009.08.20"]
[Round "2.35"]
[White "Maljevic, Dimitrije"]
[Black "Vebel, Goran"]
[Result "0-1"]
[WhiteElo "1621"]
[BlackElo "2081"]
[PlyCount "72"]
[EventDate "2009.08.19"]

1. e4 c5 2. Nf3 d6 3. d4 cxd4 4. Nxd4 Nf6 5. Nc3 g6 6. Be2 Bg7 7. Be3 O-O 8.
Qd2 Nc6 9. Nb3 a5 10. a4 Be6 11. Nd4 d5 12. exd5 Bxd5 13. Nxd5 Nxd5 14. Nxc6
bxc6 15. Bd4 Bxd4 16. Qxd4 Qd6 17. O-O Rab8 18. b3 Nf4 19. Qc4 Rb4 20. Qa6 Qc5
21. Rac1 Rd8 22. Bf3 Rd6 23. Rfe1 Rf6 24. Re3 Kg7 25. Qf1 Nd5 26. Bxd5 cxd5 27.
Qe1 Rb7 28. Re5 Rc6 29. Qd1 e6 30. Qe2 Rxb3 31. h4 Rc3 32. h5 Rxc2 33. Rxc2
Qxc2 34. Qg4 Rc4 35. Qf3 Qc1+ 36. Kh2 Qf4+ 0-1

[Event "2nd International Chess Festiv"]
[Site "Paracin"]
[Date "2009.08.20"]
[Round "2.36"]
[White "Blazeka, Matej"]
[Black "Maljevic, Aleksa"]
[Result "1/2-1/2"]
[WhiteElo "2072"]
[BlackElo "1687"]
[PlyCount "94"]
[EventDate "2009.08.19"]

1. e4 c5 2. Nf3 Nc6 3. d4 cxd4 4. Nxd4 Nf6 5. Nc3 d6 6. Be3 e5 7. Nb3 Be6 8.
Be2 Be7 9. O-O d5 10. exd5 Nxd5 11. Nxd5 Bxd5 12. Qd2 O-O 13. Rfd1 Be4 14. Nc5
Qxd2 15. Rxd2 Bxc5 16. Bxc5 Rfd8 17. Rad1 Rxd2 18. Rxd2 b6 19. Be3 Rd8 20.
Rxd8+ Nxd8 21. c3 Bb1 22. Bc4 Nc6 23. b4 Bc2 24. Kf1 Kf8 25. Ke2 Ne7 26. Kd2
Ba4 27. f3 Bc6 28. Kd3 Nd5 29. Bd2 Ke7 30. Bb3 f5 31. c4 Nf6 32. Bc3 Nd7 33.
Ke3 g5 34. Bc2 f4+ 35. Ke2 h5 36. Bg6 h4 37. h3 Kd6 38. Kd3 Nf8 39. Bf5 Ne6 40.
Be4 Bd7 41. Bf5 Bc6 42. Bb2 a6 43. Bc3 Bb7 44. Be4 Bc6 45. Bf5 Bb7 46. Be4 Bc8
47. Bf5 Bb7 1/2-1/2